[Event "GER-ch Seniors 65 32nd"]
[Site "Magdeburg"]
[Date "2020.08.15"]
[Round "2"]
[White "Tchetchelnitski, Boris"]
[Black "Molzahn, Norbert"]
[Result "1-0"]
[WhiteElo "2148"]
[BlackElo "1996"]
[PlyCount "93"]
[EventDate "2020.08.14"]
[EventType "swiss"]
[EventRounds "9"]
[EventCountry "GER"]
[SourceTitle "EXT 2021"]
[Source "ChessBase"]
[SourceDate "2020.10.23"]
[SourceVersion "1"]
[SourceVersionDate "2020.10.23"]
[SourceQuality "1"]

1. Nf3 g6 2. g3 Bg7 3. Bg2 Nf6 4. 0-0 0-0 5. c4 c5 6. Nc3 Nc6 7. d4 cxd4 8. Nxd4 Nxd4 9. Qxd4 d6 10. Qh4 Qa5 11. Bd2 Rb8 12. Rfd1 a6 13. Rac1 Qh5 14. Qxh5 gxh5 15. Be3 b6 16. b3 Bb7 17. f3 Bc6 18. Bf2 Rfc8 19. e4 b5 20. Bh3 Bd7 21. Bf1 bxc4 22. Bxc4 a5 23. Ne2 a4 24. Nd4 axb3 25. Bxb3 Kf8 26. Kg2 Bh6 27. Rc2 Rxc2 28. Nxc2 Rc8 29. Ne3 Rc3 30. Nd5 Nxd5 31. Rxd5 Be6 32. Rxh5 Bxb3 33. axb3 Bg7 34. b4 Rb3 35. Rb5 Bc3 36. Rb8+ Kg7 37. b5 Rb2 38. Kf1 Rb1+ 39. Ke2 Rb2+ 40. Kd3 Rxf2 41. Kxc3 Rxf3+ 42. Kc4 Rf1 43. b6 e6 44. Rd8 Rc1+ 45. Kb5 d5 46. exd5 exd5 47. Rxd5 1-0

[Event "GER-ch Seniors 65"]
[Site "Hamburg"]
[Date "2018.07.25"]
[Round "5"]
[White "Tchetchelnitski, Boris"]
[Black "Andersen, Knut"]
[Result "1/2-1/2"]
[WhiteElo "2155"]
[BlackElo "2020"]
[PlyCount "60"]
[EventDate "2018.07.21"]
[EventType "swiss"]
[EventRounds "9"]
[EventCountry "GER"]
[SourceTitle "CBM 186 Extra"]
[Source "ChessBase"]
[SourceDate "2018.08.24"]
[SourceVersion "1"]
[SourceVersionDate "2018.08.24"]
[SourceQuality "1"]

1. Nf3 c5 2. b3 Nf6 3. Bb2 e6 4. e3 Be7 5. Be2 Nc6 6. 0-0 0-0 7. c4 b6 8. Nc3 Bb7 9. d4 cxd4 10. exd4 d5 11. Rc1 Rc8 12. Re1 Qd6 13. Bf1 Rfd8 14. cxd5 Nxd5 15. Nxd5 Qxd5 16. Bc4 Qh5 17. Be2 Nb4 18. a3 Nd5 19. Ne5 Qg5 20. Bf3 Rxc1 21. Bxc1 Qf5 22. Be4 Nc3 23. Bxf5 Nxd1 24. Bxh7+ Kxh7 25. Rxd1 f6 26. Nc4 e5 27. Ne3 Be4 28. Bb2 exd4 29. Bxd4 Bxa3 30. f3 Bg6 1/2-1/2

[Event "GER-ch Seniors 65"]
[Site "Hamburg"]
[Date "2018.07.22"]
[Round "2"]
[White "Tuertmann, Dieter"]
[Black "Tchetchelnitski, Boris"]
[Result "0-1"]
[WhiteElo "1967"]
[BlackElo "2155"]
[PlyCount "118"]
[EventDate "2018.07.21"]
[EventType "swiss"]
[EventRounds "9"]
[EventCountry "GER"]
[SourceTitle "CBM 186 Extra"]
[Source "ChessBase"]
[SourceDate "2018.08.24"]
[SourceVersion "1"]
[SourceVersionDate "2018.08.24"]
[SourceQuality "1"]

1. b3 b6 2. Bb2 Bb7 3. e3 e6 4. Nf3 Nf6 5. Be2 Be7 6. 0-0 0-0 7. d3 a5 8. a3 d6 9. Nbd2 Nbd7 10. c4 Re8 11. Qc2 Bf8 12. Rfd1 g6 13. Nf1 Bg7 14. Ng3 e5 15. Ne1 h5 16. Bf3 c6 17. Rd2 d5 18. h3 h4 19. Nf1 Nc5 20. b4 axb4 21. axb4 Rxa1 22. Bxa1 Na6 23. Qb1 Nc7 24. Nc2 Qe7 25. Rd1 Nd7 26. Bc3 e4 27. Bxg7 Kxg7 28. dxe4 dxc4 29. Nd2 b5 30. Nd4 Ra8 31. Qb2 Kg8 32. Rb1 Ne6 33. Bd1 Ndf8 34. f3 Qd6 35. Ne2 Nd7 36. Nf1 Ne5 37. Bc2 Nd3 38. Qc3 Rd8 39. Nd4 Nxd4 40. exd4 Qxd4+ 41. Qxd4 Rxd4 42. Ne3 Bc8 43. Nd1 Nf4 44. Ne3 Be6 45. Rd1 c3 46. Rxd4 Ne2+ 47. Kf2 Nxd4 48. Ke1 Kf8 49. Kd1 Ke7 50. f4 Kd6 51. Bd3 c5 52. e5+ Kc7 53. bxc5 Kc6 54. Kc1 Kxc5 55. Nd1 b4 56. Nf2 Bd5 57. Bf1 Nb3+ 58. Kc2 Nd2 59. Nd3+ Kd4 0-1

[Event "GER-chA Seniors 29th"]
[Site "Berlin"]
[Date "2017.08.16"]
[Round "9"]
[White "Eichner, Christian"]
[Black "Tchetchelnitski, Boris"]
[Result "0-1"]
[WhiteElo "2051"]
[BlackElo "2143"]
[PlyCount "76"]
[EventDate "2017.08.07"]
[EventType "swiss"]
[EventRounds "9"]
[EventCountry "GER"]
[SourceTitle "EXT 2019"]
[Source "ChessBase"]
[SourceDate "2018.10.10"]
[SourceVersion "1"]
[SourceVersionDate "2018.10.10"]
[SourceQuality "1"]

1. e4 d5 2. exd5 Qxd5 3. Nc3 Qd6 4. d4 Nf6 5. Bc4 a6 6. Nge2 b5 7. Bf4 Qd8 8. Bd3 Bb7 9. f3 e6 10. Ne4 Nbd7 11. 0-0 Be7 12. c3 0-0 13. Qc2 h6 14. Rad1 Nd5 15. Bc1 c5 16. dxc5 Nxc5 17. Nxc5 Bxc5+ 18. Kh1 Qc7 19. Ng3 Bd6 20. Qf2 Rad8 21. Rfe1 Nf4 22. Be4 Nd5 23. Bd3 Bf4 24. Bxf4 Nxf4 25. Bb1 Rxd1 26. Rxd1 Rd8 27. Qc2 f5 28. Ne2 Nd5 29. Qd2 Rd7 30. Nd4 Nf4 31. Qe1 g6 32. Bc2 Bd5 33. Bb3 Bxb3 34. Nxb3 Qe5 35. Kg1 Qe2 36. Qxe2 Nxe2+ 37. Kf2 Rxd1 38. Kxe2 Rb1 0-1

[Event "Wch Seniors 65 26th"]
[Site "Marianske Lazne"]
[Date "2016.11.30"]
[Round "11"]
[White "Tchetchelnitski, Boris"]
[Black "Stebbings, Anthony"]
[Result "1/2-1/2"]
[WhiteElo "2144"]
[BlackElo "2293"]
[PlyCount "54"]
[EventDate "2016.11.19"]
[EventType "swiss"]
[EventRounds "11"]
[EventCountry "CZE"]
[SourceTitle "CBM 175 Extra"]
[Source "ChessBase"]
[SourceDate "2016.12.12"]
[SourceVersion "1"]
[SourceVersionDate "2016.12.12"]
[SourceQuality "1"]

1. d4 Nf6 2. Nf3 e6 3. g3 b5 4. Bg2 d5 5. 0-0 Nbd7 6. b3 Bb7 7. Ne5 c5 8. c4 bxc4 9. bxc4 cxd4 10. Nxd7 Qxd7 11. Qxd4 Rc8 12. cxd5 Bc5 13. Qh4 Bxd5 14. Bxd5 Nxd5 15. Nd2 Be7 16. Qg4 Bf6 17. Rb1 Nc3 18. Rb3 h5 19. Qf3 Nxa2 20. Rd3 Qc6 21. Ba3 Qxf3 22. Nxf3 Nc3 23. e3 Nd5 24. Nd4 Be7 25. Ra1 Bxa3 26. Rdxa3 0-0 27. Rxa7 Rfd8 1/2-1/2

[Event "Wch Seniors 65 26th"]
[Site "Marianske Lazne"]
[Date "2016.11.29"]
[Round "10"]
[White "Tchetchelnitski, Boris"]
[Black "Gerhard, Walter"]
[Result "1-0"]
[WhiteElo "2144"]
[BlackElo "2014"]
[PlyCount "46"]
[EventDate "2016.11.19"]
[EventType "swiss"]
[EventRounds "11"]
[EventCountry "CZE"]
[SourceTitle "CBM 175 Extra"]
[Source "ChessBase"]
[SourceDate "2016.12.12"]
[SourceVersion "1"]
[SourceVersionDate "2016.12.12"]
[SourceQuality "1"]

1. Nf3 d5 2. g3 g6 3. Bg2 Bg7 4. 0-0 e5 5. e3 Ne7 6. c4 c6 7. d3 0-0 8. Nc3 dxc4 9. dxc4 Be6 10. Qe2 Qb6 11. Ng5 Bf5 12. e4 Bc8 13. Be3 Qa6 14. b3 h6 15. Nf3 Be6 16. Bc5 Re8 17. Rfd1 Nd7 18. Bd6 f6 19. Qe3 Nc8 20. c5 Nxd6 21. cxd6 Qb6 22. Qc1 Kh7 23. Na4 Bf8 1-0

[Event "Wch Seniors 65 26th"]
[Site "Marianske Lazne"]
[Date "2016.11.26"]
[Round "7"]
[White "Gromark, Per Olof"]
[Black "Tchetchelnitski, Boris"]
[Result "0-1"]
[WhiteElo "2015"]
[BlackElo "2144"]
[PlyCount "66"]
[EventDate "2016.11.19"]
[EventType "swiss"]
[EventRounds "11"]
[EventCountry "CZE"]
[SourceTitle "CBM 175 Extra"]
[Source "ChessBase"]
[SourceDate "2016.12.12"]
[SourceVersion "1"]
[SourceVersionDate "2016.12.12"]
[SourceQuality "1"]

1. Nf3 f5 2. g3 Nf6 3. Bg2 e6 4. c4 Be7 5. d4 0-0 6. 0-0 d6 7. Nc3 Qe8 8. b3 a5 9. Qc2 Nc6 10. Bg5 h6 11. Bxf6 Bxf6 12. Rad1 Bd8 13. e4 e5 14. dxe5 dxe5 15. exf5 Bxf5 16. Qd2 Bg4 17. Qd5+ Kh8 18. h3 Bh5 19. g4 Bg6 20. Rfe1 Bf6 21. Nb5 Rd8 22. Qc5 Rxd1 23. Rxd1 Rf7 24. Re1 Re7 25. Nd2 Nb4 26. Be4 Bxe4 27. Rxe4 Qd8 28. Nf1 Nd3 29. Qe3 Bh4 30. Ng3 Rf7 31. f4 Rxf4 32. Rxe5 Nxe5 33. Qxe5 Bxg3 0-1

[Event "Wch Seniors 65 26th"]
[Site "Marianske Lazne"]
[Date "2016.11.22"]
[Round "4"]
[White "Tchetchelnitski, Boris"]
[Black "Just, Pavel"]
[Result "1/2-1/2"]
[WhiteElo "2144"]
[BlackElo "1996"]
[PlyCount "112"]
[EventDate "2016.11.19"]
[EventType "swiss"]
[EventRounds "11"]
[EventCountry "CZE"]
[SourceTitle "CBM 175 Extra"]
[Source "ChessBase"]
[SourceDate "2016.12.12"]
[SourceVersion "1"]
[SourceVersionDate "2016.12.12"]
[SourceQuality "1"]

1. Nf3 Nf6 2. g3 g6 3. b3 Bg7 4. Bg2 0-0 5. 0-0 d6 6. Bb2 e5 7. c4 Nc6 8. Nc3 Bg4 9. h3 Bxf3 10. Bxf3 Rb8 11. Bg2 Qd7 12. e3 Rfe8 13. d3 Ne7 14. Rc1 c6 15. d4 exd4 16. exd4 d5 17. Re1 Nf5 18. cxd5 Rxe1+ 19. Qxe1 cxd5 20. Rd1 Re8 21. Qd2 Ne4 22. Qd3 Nxc3 23. Bxc3 b6 24. h4 Qc6 25. Bb2 b5 26. Rc1 Qe6 27. Bc3 Qb6 28. Rd1 b4 29. Bb2 Rd8 30. h5 a5 31. Bf3 Qa7 32. Kg2 Qb6 33. Bg4 Nd6 34. Bf3 Nf5 35. Rd2 Qa7 36. Qb5 Nxd4 37. Bxd4 Bxd4 38. Bxd5 Bf6 39. h6 Qc7 40. Re2 Be7 41. Bc4 Bf8 42. Qg5 Qc6+ 43. f3 Re8 44. Rd2 Qc7 45. Rd5 a4 46. Qd2 axb3 47. axb3 Re7 48. Rd8 Qe5 49. Qxb4 Re8 50. Qd2 Rxd8 51. Qxd8 Qb2+ 52. Kh3 Qc1 53. Qd5 Qxh6+ 54. Kg2 Qg7 55. Qd2 Qe5 56. b4 Bd6 1/2-1/2

[Event "GER-chA Seniors 28th"]
[Site "Niederhausen"]
[Date "2016.08.13"]
[Round "1"]
[White "Tchetchelnitski, Boris"]
[Black "Ophoff, Rigobert"]
[Result "1-0"]
[WhiteElo "2144"]
[BlackElo "1969"]
[PlyCount "79"]
[EventDate "2016.08.13"]
[EventType "swiss"]
[EventRounds "9"]
[EventCountry "GER"]
[SourceTitle "EXT 2019"]
[Source "ChessBase"]
[SourceDate "2018.10.10"]
[SourceVersion "1"]
[SourceVersionDate "2018.10.10"]
[SourceQuality "1"]

1. Nf3 Nf6 2. g3 g6 3. Bg2 Bg7 4. 0-0 0-0 5. c4 c6 6. d4 d5 7. b3 Nbd7 8. Nbd2 Re8 9. Bb2 h6 10. Qc2 e6 11. e4 dxe4 12. Nxe4 Nxe4 13. Qxe4 Nf6 14. Qf4 Qe7 15. Rfe1 Bd7 16. Rad1 Rad8 17. Qc1 Bc8 18. Ne5 Nd7 19. Nd3 Nf6 20. Bc3 Qc7 21. Qb2 Nh7 22. h4 b6 23. b4 Bb7 24. a4 Rd7 25. Ne5 Bxe5 26. dxe5 Red8 27. Rd6 Rxd6 28. exd6 Qxd6 29. a5 Qe7 30. Qc1 bxa5 31. Qxh6 Qf8 32. Qf4 axb4 33. Bxb4 c5 34. Bc3 Bxg2 35. Qe5 f6 36. Qxe6+ Kg7 37. Kxg2 Qd6 38. Qxd6 Rxd6 39. Re7+ Kg8 40. Rxa7 1-0

[Event "GER-chT Seniors 23rd"]
[Site "Bergen"]
[Date "2014.09.03"]
[Round "3.2"]
[White "Tchetchelnitski, Boris"]
[Black "Jung, Werner"]
[Result "1-0"]
[WhiteElo "2143"]
[BlackElo "2094"]
[PlyCount "45"]
[EventDate "2014.09.01"]
[EventType "team-swiss"]
[EventRounds "7"]
[EventCountry "GER"]
[SourceTitle "EXT 2018"]
[Source "ChessBase"]
[SourceDate "2017.10.13"]
[SourceVersion "1"]
[SourceVersionDate "2017.10.13"]
[SourceQuality "1"]

1. d4 f5 2. Bg5 Nf6 3. Bxf6 exf6 4. e3 d5 5. Bd3 Bd6 6. Nd2 Be6 7. c4 c6 8. Ne2 Qd7 9. Nc3 dxc4 10. Nxc4 Bb4 11. a3 Bxc3+ 12. bxc3 0-0 13. 0-0 Qc7 14. Qf3 g6 15. Qf4 Na6 16. Rab1 Qxf4 17. exf4 b6 18. Na5 Nb8 19. Rfe1 Re8 20. Rxe6 Rxe6 21. Bc4 bxa5 22. Bxe6+ Kh8 23. Bc8 1-0

[Event "GER-chT Seniors 23rd"]
[Site "Bergen"]
[Date "2014.09.02"]
[Round "2.2"]
[White "Falk, Thomas"]
[Black "Tchetchelnitski, Boris"]
[Result "1/2-1/2"]
[WhiteElo "2080"]
[BlackElo "2143"]
[PlyCount "39"]
[EventDate "2014.09.01"]
[EventType "team-swiss"]
[EventRounds "7"]
[EventCountry "GER"]
[SourceTitle "EXT 2018"]
[Source "ChessBase"]
[SourceDate "2017.10.13"]
[SourceVersion "1"]
[SourceVersionDate "2017.10.13"]
[SourceQuality "1"]

1. Nf3 f5 2. d4 Nf6 3. g3 e6 4. Bg2 Be7 5. 0-0 0-0 6. c4 d6 7. b3 Ne4 8. e3 Bf6 9. Bb2 Nc6 10. Nbd2 Nxd2 11. Qxd2 Qe7 12. d5 Nd8 13. dxe6 Nxe6 14. b4 a6 15. Nd4 Ng5 16. Ne2 Nf7 17. Nf4 c6 18. Rfd1 Rd8 19. Bxf6 Qxf6 20. Qd4 1/2-1/2

[Event "Bremen-ch op"]
[Site "Bremen"]
[Date "2013.03.29"]
[Round "7"]
[White "Rockmann, Jan Okke"]
[Black "Tchetchelnitski, Boris"]
[Result "1-0"]
[WhiteElo "1745"]
[BlackElo "2179"]
[PlyCount "111"]
[EventDate "2013.03.23"]
[EventType "swiss"]
[EventRounds "9"]
[EventCountry "GER"]
[SourceTitle "EXT 2022"]
[Source "ChessBase"]
[SourceDate "2021.10.06"]
[SourceVersion "1"]
[SourceVersionDate "2021.10.06"]
[SourceQuality "1"]

1. e4 e6 2. d4 d5 3. e5 c5 4. c3 Bd7 5. Nf3 a6 6. Qb3 Qc7 7. Bf4 Nc6 8. Nbd2 cxd4 9. cxd4 Nb4 10. Rb1 Nc2+ 11. Kd1 Nb4 12. a3 Nc6 13. Bd3 f6 14. Bg3 fxe5 15. dxe5 Bc5 16. Qc2 Qb6 17. Bxh7 Nge7 18. Bg6+ Kd8 19. Ng5 Nd4 20. Nf7+ Kc7 21. Qc3 Nb5 22. Qd3 Rh6 23. Nxh6 gxh6 24. Nb3 Kb8 25. Nxc5 Qxc5 26. Rc1 Qb6 27. Bh5 Nf5 28. Bg4 Nbd4 29. b3 Ka7 30. Bxf5 Nxf5 31. Kd2 Rf8 32. f4 h5 33. Ke1 Ka8 34. Bf2 d4 35. a4 Bc6 36. Rg1 Bd5 37. Ke2 Rd8 38. g3 Qb4 39. Rc7 Qa5 40. Rgc1 Bc6 41. R7xc6 bxc6 42. Rxc6 Kb7 43. Rxe6 Ne3 44. Bxe3 dxe3 45. Qxe3 Qb4 46. a5 Qb5+ 47. Kf2 Qxa5 48. Rd6 Rc8 49. e6 Rc2+ 50. Kf3 Rc3 51. Rd7+ Kc8 52. Rd3 Rxd3 53. Qxd3 Qe1 54. Qxa6+ Kc7 55. Qc4+ Kd6 56. Qd4+ 1-0

[Event "Bremen-ch op"]
[Site "Bremen"]
[Date "2013.03.29"]
[Round "8"]
[White "Tchetchelnitski, Boris"]
[Black "Jung, Gerald"]
[Result "0-1"]
[WhiteElo "2179"]
[BlackElo "2001"]
[PlyCount "130"]
[EventDate "2013.03.23"]
[EventType "swiss"]
[EventRounds "9"]
[EventCountry "GER"]
[SourceTitle "EXT 2022"]
[Source "ChessBase"]
[SourceDate "2021.10.06"]
[SourceVersion "1"]
[SourceVersionDate "2021.10.06"]
[SourceQuality "1"]

1. Nf3 Nf6 2. c4 g6 3. g3 Bg7 4. Bg2 0-0 5. 0-0 d6 6. d4 Nbd7 7. Nc3 c6 8. e4 e5 9. h3 a5 10. Be3 exd4 11. Nxd4 Nc5 12. Qc2 a4 13. Rad1 Qa5 14. Rfe1 Qb4 15. Bf4 Ne8 16. a3 Qxc4 17. Bf1 Qxd4 18. Rxd4 Bxd4 19. Rd1 Bxc3 20. bxc3 Be6 21. c4 Rd8 22. g4 f6 23. Be3 Ra8 24. f4 f5 25. gxf5 gxf5 26. e5 Ne4 27. Rb1 Rf7 28. exd6 Rg7+ 29. Kh2 N8xd6 30. Bd4 Rg3 31. c5 Bb3 32. Rxb3 axb3 33. Qb2 Nb5 34. Bc4+ Kf8 35. Bf2 Rc3 36. Bxb3 Rxa3 37. Be6 Nxf2 38. Qxf2 Re3 39. Bxf5 Nd4 40. Bg4 Rac3 41. Qh4 Rxh3+ 42. Qxh3 Rxh3+ 43. Kxh3 Nb3 44. Bc8 Nxc5 45. Kg4 b5 46. Kf3 Ke7 47. Ke3 Nd7 48. Bb7 Kd6 49. Kd4 Kc7 50. Ba6 Nb8 51. Bxb5 cxb5 52. Kc5 Nc6 53. Kxb5 Kd6 54. Kc4 Ke6 55. Kd3 Kf5 56. Ke3 Ne7 57. Kf3 Ng6 58. Kg3 h5 59. Kh3 Kxf4 60. Kg2 Kg4 61. Kh2 h4 62. Kg2 h3+ 63. Kh2 Ne5 64. Kh1 Kg3 65. Kg1 Nd3 0-1

[Event "Bremen-ch op"]
[Site "Bremen"]
[Date "2013.03.24"]
[Round "2"]
[White "Kardoeus, David"]
[Black "Tchetchelnitski, Boris"]
[Result "1/2-1/2"]
[WhiteElo "1892"]
[BlackElo "2179"]
[PlyCount "153"]
[EventDate "2013.03.23"]
[EventType "swiss"]
[EventRounds "9"]
[EventCountry "GER"]
[SourceTitle "EXT 2022"]
[Source "ChessBase"]
[SourceDate "2021.10.06"]
[SourceVersion "1"]
[SourceVersionDate "2021.10.06"]
[SourceQuality "1"]

1. e4 d5 2. exd5 Qxd5 3. Nc3 Qd6 4. d4 Nf6 5. Nge2 c6 6. g3 Bg4 7. Bg2 Qd7 8. h3 Bf5 9. g4 Bg6 10. Bf4 e6 11. Qd2 Na6 12. a3 Nc7 13. 0-0-0 h5 14. g5 Nfd5 15. Be5 h4 16. Nf4 Bf5 17. Rhe1 0-0-0 18. Ncxd5 exd5 19. Qa5 Kb8 20. Nd3 b6 21. Qa4 Kb7 22. Qb3 Ne6 23. Kb1 Be7 24. Ka1 f6 25. gxf6 gxf6 26. Bxf6 Bxf6 27. Rxe6 Bxd4 28. Re2 Rde8 29. Rxe8 Rxe8 30. Nb4 Bc5 31. Nxc6 Be4 32. Bxe4 Rxe4 33. Nb4 Bxb4 34. axb4 Qb5 35. Qxd5+ Qxd5 36. Rxd5 Rxb4 37. Rd7+ Kc6 38. Rxa7 Rf4 39. Rh7 Kd5 40. f3 Kd4 41. Kb1 Ke3 42. Kc1 Kxf3 43. Kd2 Kg3 44. Ke3 Rf3+ 45. Ke4 Rf2 46. Rh6 b5 47. Rb6 Rxc2 48. Rxb5 Kxh3 49. Kf3 Rc8 50. Rg5 Rf8+ 51. Ke4 Rb8 52. Kf3 Rxb2 53. Rg8 Kh2 54. Rg7 h3 55. Rg8 Rb6 56. Rg7 Rf6+ 57. Ke2 Ra6 58. Kf2 Ra2+ 59. Kf3 Rg2 60. Rh7 Rg6 61. Rh8 Rf6+ 62. Kg4 Rg6+ 63. Kf3 Rg7 64. Kf2 Rf7+ 65. Ke2 Rf4 66. Rg8 Kh1 67. Ke3 Rf1 68. Ke2 Rg1 69. Rh8 Rg3 70. Kf2 Kh2 71. Rh7 Rg8 72. Rh6 Rf8+ 73. Ke2 Kg2 74. Rg6+ Kh1 75. Rg7 Ra8 76. Kf2 Ra2+ 77. Kf3 1/2-1/2

[Event "GER-chT Seniors 19th"]
[Site "Eckernfoerde"]
[Date "2010.09.18"]
[Round "6.2"]
[White "Tchetchelnitski, Boris"]
[Black "Rychlik, Kurt"]
[Result "0-1"]
[WhiteElo "2101"]
[BlackElo "1943"]
[PlyCount "88"]
[EventDate "2010.09.13"]
[EventType "team-swiss"]
[EventRounds "7"]
[EventCountry "GER"]
[SourceTitle "EXT 2011"]
[Source "ChessBase"]
[SourceDate "2010.11.26"]
[SourceVersion "1"]
[SourceVersionDate "2010.11.26"]
[SourceQuality "1"]
[WhiteTeam "Bremen"]
[BlackTeam "Niedersachsen II"]
[WhiteTeamCountry "GER"]
[BlackTeamCountry "GER"]

1. g3 c5 2. c4 g6 3. Bg2 Bg7 4. Nc3 Nc6 5. Nf3 d6 6. d3 e5 7. Bg5 f6 8. Bd2 Nge7 9. Qc1 Be6 10. a3 Qd7 11. h3 Rc8 12. Bh6 0-0 13. Bxg7 Kxg7 14. Qd1 d5 15. cxd5 Nxd5 16. Ne4 b6 17. h4 h6 18. 0-0 f5 19. Ned2 f4 20. Nc4 Qc7 21. a4 Nf6 22. Ncd2 Rcd8 23. Qe1 Bd5 24. Bh3 Nd4 25. Rc1 Nxf3+ 26. exf3 Bc6 27. Rc3 Nd5 28. Rc4 Nb4 29. Qe2 Nxd3 30. Rd1 Nxb2 31. Rdc1 Nxc4 32. Rxc4 Rd4 33. Rxd4 exd4 34. Kg2 Bxa4 35. Qe6 Re8 36. Qg4 fxg3 37. h5 Qf7 38. Qxg3 g5 39. Qd6 Qf6 40. Qd5 Bc6 41. Qc4 Re7 42. Bc8 Qf7 43. Qd3 Qxh5 44. Ne4 Qg6 0-1

[Event "GER-chT Seniors 19th"]
[Site "Eckernfoerde"]
[Date "2010.09.14"]
[Round "2.2"]
[White "Tchetchelnitski, Boris"]
[Black "Heckert, Klaus Dieter"]
[Result "1-0"]
[WhiteElo "2101"]
[BlackElo "1993"]
[PlyCount "125"]
[EventDate "2010.09.13"]
[EventType "team-swiss"]
[EventRounds "7"]
[EventCountry "GER"]
[SourceTitle "EXT 2011"]
[Source "ChessBase"]
[SourceDate "2010.11.26"]
[SourceVersion "1"]
[SourceVersionDate "2010.11.26"]
[SourceQuality "1"]
[WhiteTeam "Bremen"]
[BlackTeam "Brandenburg II"]
[WhiteTeamCountry "GER"]
[BlackTeamCountry "GER"]

1. Nf3 f5 2. d3 Nf6 3. e4 d6 4. e5 dxe5 5. Nxe5 Nbd7 6. Nxd7 Qxd7 7. Bg5 g6 8. Be2 Bg7 9. Qc1 h6 10. Bd2 e5 11. h4 Qf7 12. Nc3 Be6 13. a4 c6 14. a5 Nd5 15. Na4 Qe7 16. c3 Kf7 17. b4 Bf6 18. Nc5 Rae8 19. Kf1 Bc8 20. g3 b6 21. axb6 axb6 22. Na4 b5 23. Nc5 Kg7 24. Bf3 Qc7 25. Kg2 Nb6 26. Re1 Nd7 27. Be3 Nxc5 28. Bxc5 Bb7 29. c4 Qd7 30. Ra7 Ra8 31. Qe3 Rxa7 32. Bxa7 bxc4 33. dxc4 e4 34. Be2 Rd8 35. Rd1 Qf7 36. Rxd8 Bxd8 37. Bd4+ Kh7 38. Bc3 Bf6 39. Bxf6 Qxf6 40. Qa7 Qg7 41. c5 Bc8 42. Qb8 Be6 43. Qd6 Qd7 44. Qe5 Bd5 45. Kg1 Bf7 46. Qc3 Be8 47. Bc4 Qg7 48. Qb3 Qd4 49. Be6 Kg7 50. Kg2 Kf6 51. Bg8 Qe5 52. Qe3 g5 53. Qd2 f4 54. hxg5+ hxg5 55. Bc4 e3 56. fxe3 fxe3 57. Qd8+ Kg7 58. Be2 Bf7 59. Qd7 Qd5+ 60. Qxd5 Bxd5+ 61. Kf1 Kf6 62. b5 cxb5 63. Bxb5 1-0

[Event "Oberliga Nord W 0910"]
[Site "Germany"]
[Date "2010.04.11"]
[Round "9.8"]
[White "Kopanski, Lorenz"]
[Black "Tchetchelnitski, Boris"]
[Result "0-1"]
[WhiteElo "1816"]
[BlackElo "2185"]
[PlyCount "64"]
[EventDate "2009.10.18"]
[EventType "team-tourn"]
[EventRounds "9"]
[EventCountry "GER"]
[SourceTitle "EXT 2011"]
[Source "ChessBase"]
[SourceDate "2010.11.26"]
[SourceVersion "1"]
[SourceVersionDate "2010.11.26"]
[SourceQuality "1"]
[WhiteTeam "Hannover Post"]
[BlackTeam "Bremer SG"]
[WhiteTeamCountry "GER"]
[BlackTeamCountry "GER"]

1. e4 d6 2. d4 Nf6 3. Bd3 Nbd7 4. Ne2 e5 5. d5 g6 6. 0-0 Bg7 7. Be3 0-0 8. f3 Kh8 9. Qd2 Ng8 10. g4 Nc5 11. Bxc5 dxc5 12. Ng3 Qe7 13. Qe2 Bd7 14. Nd2 Rad8 15. Nb3 Bh6 16. Rad1 Bf4 17. Bb5 Bc8 18. Qf2 b6 19. Ne2 Bg5 20. Kh1 Nh6 21. h3 f5 22. Qg2 Rd6 23. Nd2 Rdf6 24. Nc4 a6 25. Bc6 b5 26. Na5 fxe4 27. fxe4 Be3 28. Ng3 Rf2 29. Rxf2 Rxf2 30. Qg1 Qh4 31. Nf1 Qxh3+ 32. Nh2 Nxg4 0-1

[Event "Bremen-ch op"]
[Site "Bremen"]
[Date "2010.04.01"]
[Round "7"]
[White "Margraf, Daniel"]
[Black "Tchetchelnitski, Boris"]
[Result "1-0"]
[WhiteElo "2229"]
[BlackElo "2202"]
[PlyCount "65"]
[EventDate "2010.03.27"]
[EventType "swiss"]
[EventRounds "9"]
[EventCountry "GER"]
[SourceTitle "EXT 2022"]
[Source "ChessBase"]
[SourceDate "2021.10.06"]
[SourceVersion "1"]
[SourceVersionDate "2021.10.06"]
[SourceQuality "1"]

1. e4 d5 2. exd5 Qxd5 3. Nc3 Qd6 4. d4 c6 5. Nge2 Nf6 6. Bf4 Qd8 7. Ng3 e6 8. Qf3 Bb4 9. a3 Be7 10. 0-0-0 Nbd7 11. Bd3 Qa5 12. Nce4 0-0 13. Rhe1 Nxe4 14. Nxe4 Rd8 15. Bd2 Qc7 16. Ng5 Nf6 17. Bxh7+ Kf8 18. Bd3 Rxd4 19. Qh3 Ke8 20. Qh8+ Bf8 21. Be3 Rd5 22. c4 Ra5 23. Bd2 b6 24. g3 Qe7 25. Bxa5 bxa5 26. f4 Rb8 27. Rd2 Bd7 28. f5 e5 29. Rde2 Ng4 30. Nf3 Kd8 31. Nxe5 Nxe5 32. Rxe5 Qg5+ 33. Kc2 1-0

[Event "Bremen-ch op"]
[Site "Bremen"]
[Date "2010.03.30"]
[Round "5"]
[White "Kuegel, Tobias"]
[Black "Tchetchelnitski, Boris"]
[Result "1/2-1/2"]
[WhiteElo "1939"]
[BlackElo "2202"]
[PlyCount "110"]
[EventDate "2010.03.27"]
[EventType "swiss"]
[EventRounds "9"]
[EventCountry "GER"]
[SourceTitle "EXT 2022"]
[Source "ChessBase"]
[SourceDate "2021.10.06"]
[SourceVersion "1"]
[SourceVersionDate "2021.10.06"]
[SourceQuality "1"]

1. e4 e6 2. d4 d5 3. exd5 exd5 4. Bd3 Bd6 5. Qf3 Nc6 6. Ne2 Nb4 7. Bf4 Ne7 8. c3 Nxd3+ 9. Qxd3 Bxf4 10. Nxf4 Qd6 11. Qd2 Bf5 12. Na3 c6 13. 0-0-0 0-0-0 14. Nc2 Rde8 15. Rde1 Bd7 16. Nd3 Ng6 17. f3 f6 18. g3 b6 19. Rxe8+ Bxe8 20. Re1 Bd7 21. Qf2 h5 22. Ne3 Ne7 23. f4 Nf5 24. Nxf5 Bxf5 25. Kd2 Kd7 26. Qe3 Bg6 27. Qe2 Re8 28. Qf3 Rxe1 29. Nxe1 Qe6 30. Qe2 Qd6 31. Nd3 c5 32. dxc5 bxc5 33. Qe3 d4 34. cxd4 cxd4 35. Qf3 Qc6 36. Qf2 Qd5 37. Nb4 Qe4 38. Qe2 Qxe2+ 39. Kxe2 Kd6 40. Nd3 Kd5 41. b3 Be8 42. Nf2 Bd7 43. Kd2 Bb5 44. Kc2 Bd7 45. Kd2 Bf5 46. a3 Bc8 47. Kd3 a5 48. Kc2 h4 49. Kd3 hxg3 50. hxg3 Bd7 51. Kc2 Bb5 52. Kd2 Bd7 53. Kc2 g5 54. fxg5 fxg5 55. Kd3 Be6 1/2-1/2

[Event "GER-chT Seniors 17th"]
[Site "Berlin"]
[Date "2008.09.04"]
[Round "5"]
[White "Niebuhr, Gerd"]
[Black "Tchetchelnitski, Boris"]
[Result "1/2-1/2"]
[WhiteElo "2062"]
[BlackElo "2204"]
[PlyCount "101"]
[EventDate "2008.08.31"]
[EventType "team-swiss"]
[EventRounds "7"]
[EventCountry "GER"]
[SourceTitle "CBM 126 Extra"]
[Source "ChessBase"]
[SourceDate "2008.11.05"]
[SourceVersion "1"]
[SourceVersionDate "2008.11.05"]
[SourceQuality "1"]

1. d4 e6 2. Nf3 f5 3. g3 Nf6 4. Bg2 Be7 5. 0-0 0-0 6. c4 d6 7. b3 a5 8. Bb2 Qe8 9. Nc3 Na6 10. a3 Bd8 11. Qc2 d5 12. Ne5 c6 13. e3 Bc7 14. Nd3 Bd7 15. f3 Rb8 16. e4 fxe4 17. fxe4 Qh5 18. Bf3 Qg6 19. Ne5 Bxe5 20. dxe5 Ng4 21. Bxg4 Qxg4 22. Qe2 Qxe2 23. Nxe2 dxc4 24. bxc4 Nc5 25. Rad1 Rxf1+ 26. Kxf1 Rf8+ 27. Ke1 Rf3 28. Bd4 Nxe4 29. Bb6 Be8 30. Bxa5 Bh5 31. Rd8+ Kf7 32. Rd7+ Ke8 33. Rxb7 Rxa3 34. Rb8+ Kf7 35. Rb7+ Kg6 36. Nf4+ Kh6 37. Nxh5 Rxa5 38. Nxg7 Rxe5 39. Kd1 Nd6 40. Re7 Nxc4 41. Nxe6 Ne3+ 42. Kd2 Nf1+ 43. Kd3 Nxh2 44. Re8 Ng4 45. Nc7 Rxe8 46. Nxe8 Kg6 47. Kd4 Kf7 48. Nd6+ Ke6 49. Ne4 Nf6 50. Ng5+ Kf5 51. Nxh7 1/2-1/2